000 00666nam a2200217Ii 4500
003 JO-AjNU
008 230605s9999||||xx |||||||||||||| ||und||
017 _a2013/6/1853
020 _a978-9957-49-078-2
040 _aJO-AjNU
_bara
_erda
_cJO-AjNU
041 _aara
050 1 4 _aPJ7820 2013
100 3 _aتأليف عبود، إياد أحمد,
_eauthor
_948540
245 0 0 _aبوح الطين: ضوضاء في ذاكرة
264 3 1 _aعمان:وزارة الثقافة،2013
300 _a478ص
336 _atext
_btxt
_2rdacontent
337 _aunmediated
_bn
_2rdamedia
338 _avolume
_bnc
_2rdacarrier
650 4 _aالأدب العربي
_948541
999 _aA21264
_c24832
_d24832